ّّّّّّّّنئ نسل کا نما ءند ہ ا فسا نہ نگا ر:سا لک جميل بر ا ڑ (Record no. 98828)
[ view plain ]
| 000 -LEADER | |
|---|---|
| fixed length control field | 01003nam a22002297a 4500 |
| 005 - DATE AND TIME OF LATEST TRANSACTION | |
| control field | 20160205160116.0 |
| 008 - FIXED-LENGTH DATA ELEMENTS--GENERAL INFORMATION | |
| fixed length control field | 090109t xxu||||| |||| 00| 0urd d |
| 010 ## - LCCN (DPL NO) | |
| LC control number | UR-9290 |
| 020 ## - INTERNATIONAL STANDARD BOOK NUMBER | |
| Terms of availability | 200.00 |
| International Standard Book Number | 978-9350735015 |
| 035 ## - SYSTEM CONTROL NUMBER | |
| System control number | U-7845 |
| 037 ## - SOURCE OF ACQUISITION | |
| Source of stock number/acquisition | DBAD/PUB |
| 040 ## - CATALOGING SOURCE | |
| Original cataloging agency | DPL |
| Language of cataloging | urdu |
| 082 ## - DEWEY DECIMAL CLASSIFICATION NUMBER | |
| Classification number | 844.40 |
| 100 ## - MAIN ENTRY--PERSONAL NAME | |
| 9 (RLIN) | 12785 |
| Personal name | محمد ا يو ب خا ن:محمد ا سلم |
| 245 ## - TITLE STATEMENT | |
| Title | ّّّّّّّّنئ نسل کا نما ءند ہ ا فسا نہ نگا ر:سا لک جميل بر ا ڑ |
| Statement of responsibility, etc | محمد ا يو ب خا ن:محمد ا سلم |
| 246 ## - VARYING FORM OF TITLE | |
| Title proper/short title | Nai Nasal ka Numainda Afsana Nigar Salik Jameel Brar |
| Remainder of title | Ed. By Mohd. Ayyub Khan And Mohd Aslam |
| 260 ## - PUBLICATION, DISTRIBUTION, ETC. (IMPRINT) | |
| Place of publication, distribution, etc | د ھلی |
| Name of publisher, distributor, etc | ا يجو کيشنل پبليشنگ ہا ؤ س |
| Date of publication, distribution, etc | 2015 ء |
| 270 ## - ADDRESS | |
| Address | 3191،Street Vakil Kucha Pandit Lal Kuan, |
| City | Delhi |
| Postal code | 110006 |
| Telephone number | 23216162 |
| 300 ## - PHYSICAL DESCRIPTION | |
| Extent | 136ص |
| Dimensions | 22 cm(hb) |
| 700 ## - ADDED ENTRY--PERSONAL NAME | |
| 9 (RLIN) | 54088 |
| Personal name | تر تیب و تہز یب : محمد فہیم ا ختر ند و ی |
| 942 ## - ADDED ENTRY ELEMENTS (KOHA) | |
| Source of classification or shelving scheme | Dewey Decimal Classification |
| Item type | Urdu Bks |
| Classification part | 844.40 |
| Call number suffix | م ح م |
| Withdrawn status | Lost status | Source of classification or shelving scheme | Damaged status | Not for loan | Home library | Current library | Date acquired | Source of acquisition | Cost, normal purchase price | Total Checkouts | Full call number | Barcode | Date last seen | Copy number | Cost, replacement price | Koha item type |
|---|---|---|---|---|---|---|---|---|---|---|---|---|---|---|---|---|
| Dewey Decimal Classification | Not For Loan | D.B.Act.Division | D.B.Act.Division | 05/02/2016 | DBAD | 200.00 | 844.40 م ح م | U-7845 | 05/02/2016 | 1 | 200.00 | Urdu Bks |
